Negatívne vplyvy vonkajšieho prostredia na konkurencieschopnosť vybraného podniku diplomová práca

Salvato in:
Dettagli Bibliografici
Autore principale: Herrmanová, Stela
Ente Autore: Fakulta podnikového manažmentu EU. Katedra manažmentu
Altri autori: Mišúnová Hudáková, Ivana, 1976-
Natura: Libro
Lingua:slovacco
Pubblicazione: Bratislava 2025
Tags: Aggiungi Tag
Nessun Tag, puoi essere il primo ad aggiungerne!!

MARC

LEADER 00000nbm a2200000 4500
001 0309934
005 20260324142208.3
041 0 |a slo 
044 |a SK 
245 1 0 |a Negatívne vplyvy vonkajšieho prostredia na konkurencieschopnosť vybraného podniku  |b diplomová práca  |c Stela Herrmanová ; školiteľ: Ivana Mišúnová Hudáková 
264 1 |a Bratislava  |c 2025 
300 |a 77 s. 
100 1 |a Herrmanová, Stela 
700 1 |a Mišúnová Hudáková, Ivana, 1976- 
710 2 |a Fakulta podnikového manažmentu EU. Katedra manažmentu